| 000 | 00551nam a2200217 a 4500 | ||
|---|---|---|---|
| 001 | 1729 | ||
| 005 | 20140414131909.0 | ||
| 008 | 001117s19uu xx 00 eng d | ||
| 020 | _a0-307-02100-9 | ||
| 050 |
_aER _bB11 1975 |
||
| 050 |
_aER _bB11 |
||
| 100 | _aOpinion, Brittany T. | ||
| 245 |
_aBambi : friends of the forest / _cWalt Disney. |
||
| 260 |
_aNew York : _bWestern, _c1975. |
||
| 300 | _a1 v. p. ; cm. | ||
| 440 | _aWalt Disney's | ||
| 650 |
_aDeer _xStories. |
||
| 650 | _aChildren stories. | ||
| 999 |
_c111103 _d111103 |
||